[Event "Sonflow Cup Kolding M1 2024"]
[Site "Kolding"]
[Date "2024.04.14"]
[Round "4.4"]
[Board "4"]
[White "Kopylov, Michael"]
[Black "Heimisson, Hilmir Freyr"]
[Result "1-0"]
[WhiteElo "2364"]
[BlackElo "2361"]
[PlyCount "119"]
[EventDate "2024-04-12"]
[EventType "swiss"]
[EventRounds "5"]
[EventCountry "DEN"]
[SourceTitle "Live v. Kasper Jerwiarz"]
[Table "4"]

1. d4 d5 2. c4 c6 3. Nf3 Nf6 4. e3 Bf5 5. Nc3 e6 
6. Nh4 Be4 7. f3 Bg6 8. Qb3 Qc7 9. Bd2 a5 10. Rc1 Be7 
11. g3 Nbd7 12. Kf2 dxc4 13. Bxc4 O-O 14. Nxg6 hxg6 15. Be2 Rad8 
16. Nb5 Qb8 17. Na3 Qa7 18. Qa4 Ra8 19. Rhd1 Rfd8 20. Qc2 e5 
21. dxe5 Nxe5 22. Nc4 Nxc4 23. Bxc4 Nd5 24. Ke2 Nb6 25. Be1 a4 
26. e4 Nxc4 27. Qxc4 Qg1 28. h4 Rxd1 29. Rxd1 Bc5 30. Rd3 b6 
31. Kd2 Kh7 32. e5 a3 33. bxa3 Qg2+ 34. Kd1 Qf1 35. h5 Ra4 
36. hxg6+ fxg6 37. Qc2 Rxa3 38. Rxa3 Bxa3 39. Qe4 Be7 40. Kc2 c5 
41. f4 Qa6 42. a4 Qc8 43. e6 Qe8 44. Bc3 Kg8 45. g4 Kh7 
46. f5 Bg5 47. Kb3 Kg8 48. Qb7 c4+ 49. Ka3 Be7+ 50. Bb4 Bf6 
51. Qd5 gxf5 52. e7+ Kh8 53. Qb5 Qxb5 54. axb5 Bxe7 55. Bxe7 fxg4 
56. Bd8 Kg8 57. Bxb6 Kf7 58. Kb4 Ke6 59. Kxc4 Kd7 60. Bf2 1-0

[Event "Sonflow Cup Kolding M1 2024"]
[Site "Kolding"]
[Date "2024.04.14"]
[Round "4.5"]
[Board "5"]
[White "Hector, Jonny"]
[Black "Brynell, Stellan"]
[Result "1/2-1/2"]
[WhiteElo "2425"]
[BlackElo "2402"]
[PlyCount "80"]
[EventDate "2024-04-12"]
[EventType "swiss"]
[EventRounds "5"]
[EventCountry "DEN"]
[SourceTitle "Live v. Kasper Jerwiarz"]
[Table "5"]

1. e4 e6 2. d4 d5 3. Nc3 Nf6 4. Bg5 dxe4 5. Nxe4 Nbd7 
6. Nf3 h6 7. Nxf6+ Nxf6 8. Bh4 c5 9. Bc4 cxd4 10. O-O Be7 
11. Qe2 O-O 12. Rad1 Qb6 13. Ne5 Rd8 14. Rd3 Qc5 15. Re1 Bd7 
16. b4 Qd6 17. c3 Be8 18. Rxd4 Qb6 19. Rxd8 Rxd8 20. Bg3 Nd7 
21. Bd3 Nxe5 22. Bxe5 Bd6 23. Bd4 Qc7 24. Qe4 g6 25. Bf6 Be7 
26. Bxe7 Qxe7 27. Bf1 a6 28. a3 Bc6 29. Qe3 Kg7 30. c4 Qf6 
31. b5 axb5 32. cxb5 Bd5 33. Rc1 Ra8 34. g3 Qf5 35. h4 Qe4 
36. Qxe4 Bxe4 37. Bg2 Bxg2 38. Kxg2 Rxa3 39. Rc7 Rb3 40. Rxb7 e5 
1/2-1/2

[Event "Sonflow Cup Kolding M1 2024"]
[Site "Kolding"]
[Date "2024.04.14"]
[Round "4.6"]
[Board "6"]
[White "Stefansson, Vignir Vatnar"]
[Black "Vinther Schou, Uffe"]
[Result "1-0"]
[WhiteElo "2459"]
[BlackElo "2345"]
[PlyCount "53"]
[EventDate "2024-04-12"]
[EventType "swiss"]
[EventRounds "5"]
[EventCountry "DEN"]
[SourceTitle "Live v. Kasper Jerwiarz"]
[Table "6"]

1. e4 c5 2. Nf3 e6 3. c3 Nf6 4. e5 Nd5 5. g3 d6 
6. exd6 Bxd6 7. Bg2 Nc6 8. d4 O-O 9. O-O Nf6 10. c4 Qb6 
11. dxc5 Bxc5 12. Nc3 Rd8 13. Qe2 Nd4 14. Nxd4 Bxd4 15. Nb5 e5 
16. Nxd4 exd4 17. Qd3 Qc5 18. Re1 Bf5 19. Qb3 d3 20. Qc3 Ng4 
21. Be3 Nxe3 22. Rxe3 Qd4 23. Re8+ Rxe8 24. Qxd4 Rad8 25. Bd5 b6 
26. Rd1 h5 27. Rxd3 1-0

[Event "Sonflow Cup Kolding M1 2024"]
[Site "Kolding"]
[Date "2024.04.14"]
[Round "5.1"]
[Board "1"]
[White "Fromm, Marius"]
[Black "Olsen, Filip Boe"]
[Result "1/2-1/2"]
[WhiteElo "2454"]
[BlackElo "2440"]
[PlyCount "62"]
[EventDate "2024-04-12"]
[EventType "swiss"]
[EventRounds "5"]
[EventCountry "DEN"]
[SourceTitle "Live v. Kasper Jerwiarz"]
[Table "1"]

1. d4 d5 2. Nc3 c5 3. e4 dxe4 4. Bb5+ Bd7 5. dxc5 Nf6 
6. Be3 e6 7. Nh3 Qa5 8. Bxd7+ Nbxd7 9. a3 Qc7 10. b4 b6 
11. Nb5 Qc6 12. Nd4 Qd5 13. c4 Qxc4 14. c6 Ne5 15. Nf4 Be7 
16. Rc1 Qa6 17. Qb3 Qc8 18. O-O O-O 19. h3 Rd8 20. Rfd1 Nd5 
21. Ndxe6 fxe6 22. Rxd5 exd5 23. Nxd5 Kf8 24. Nxe7 Kxe7 25. Bg5+ Kf8 
26. Bxd8 Qxd8 27. c7 Qe8 28. Qd5 Rc8 29. Qxe4 Nf7 30. Qxh7 Qd7 
31. Qc2 Ne5 1/2-1/2

[Event "Sonflow Cup Kolding M1 2024"]
[Site "Kolding"]
[Date "2024.04.14"]
[Round "5.2"]
[Board "2"]
[White "Skytte, Rasmus"]
[Black "Kopylov, Daniel"]
[Result "1-0"]
[WhiteElo "2345"]
[BlackElo "2355"]
[PlyCount "57"]
[EventDate "2024-04-12"]
[EventType "swiss"]
[EventRounds "5"]
[EventCountry "DEN"]
[SourceTitle "Live v. Kasper Jerwiarz"]
[Table "2"]

1. e4 c5 2. c3 d5 3. exd5 Qxd5 4. d4 Nf6 5. Nf3 e6 
6. Bd3 Nc6 7. O-O cxd4 8. cxd4 Be7 9. Nc3 Qd8 10. a3 O-O 
11. Bc2 b6 12. Qd3 Bb7 13. Re1 Re8 14. d5 exd5 15. Bg5 Ne4 
16. Nxe4 dxe4 17. Qxe4 g6 18. Qh4 h5 19. Bb3 Qd6 20. Qc4 Rf8 
21. Rad1 Na5 22. Rxd6 Nxc4 23. Rxg6+ fxg6 24. Bxc4+ Kh8 25. Rxe7 Rac8 
26. Rxb7 Rxc4 27. Ne5 Re4 28. Nxg6+ Kg8 29. f3 1-0

[Event "Sonflow Cup Kolding M1 2024"]
[Site "Kolding"]
[Date "2024.04.14"]
[Round "5.3"]
[Board "3"]
[White "Hamitevici, Vladimir"]
[Black "Kopylov, Michael"]
[Result "1/2-1/2"]
[WhiteElo "2445"]
[BlackElo "2364"]
[PlyCount "60"]
[EventDate "2024-04-12"]
[EventType "swiss"]
[EventRounds "5"]
[EventCountry "DEN"]
[SourceTitle "Live v. Kasper Jerwiarz"]
[Table "3"]

1. e4 e6 2. f4 d5 3. e5 c5 4. Nf3 Nc6 5. c3 Nh6 
6. Na3 Nf5 7. Nc2 Be7 8. d4 cxd4 9. cxd4 Qb6 10. Bd3 Bd7 
11. Bxf5 exf5 12. O-O Rc8 13. Ne3 Be6 14. b3 O-O 15. Rf2 Rc7 
16. Bb2 Rfc8 17. h3 h5 18. g3 Qa6 19. a3 Na5 20. Rb1 Qb5 
21. Nd2 Qd3 22. Qe2 Qxe2 23. Rxe2 g6 24. Kf2 Kg7 25. Ree1 Kf8 
26. Rbc1 Rxc1 27. Rxc1 Rxc1 28. Bxc1 b5 29. h4 Ke8 30. Ke2 Kd7 
1/2-1/2

[Event "Sonflow Cup Kolding M1 2024"]
[Site "Kolding"]
[Date "2024.04.14"]
[Round "5.4"]
[Board "4"]
[White "Brynell, Stellan"]
[Black "Ramsdal, Jens Albert"]
[Result "1/2-1/2"]
[WhiteElo "2402"]
[BlackElo "2376"]
[PlyCount "166"]
[EventDate "2024-04-12"]
[EventType "swiss"]
[EventRounds "5"]
[EventCountry "DEN"]
[SourceTitle "Live v. Kasper Jerwiarz"]
[Table "4"]

1. d4 e6 2. Nf3 Nf6 3. c4 d5 4. Nc3 c5 5. cxd5 Nxd5 
6. e4 Nxc3 7. bxc3 cxd4 8. cxd4 Bb4+ 9. Bd2 Bxd2+ 10. Qxd2 O-O 
11. Bc4 Nd7 12. O-O b6 13. a4 Bb7 14. Rfe1 Rc8 15. Bd3 Qc7 
16. a5 Rfd8 17. axb6 axb6 18. Qe3 Qd6 19. Bb5 Nf8 20. Ba6 Bxa6 
21. Rxa6 Qb4 22. Raa1 Rc3 23. Qd2 Rb3 24. Qxb4 Rxb4 25. Reb1 Rxb1+ 
26. Rxb1 Nd7 27. Kf1 Nf6 28. Nd2 Rxd4 29. Rxb6 h6 30. Rb8+ Kh7 
31. Ke2 Nxe4 32. Nxe4 Rxe4+ 33. Kf3 Rh4 34. h3 g5 35. Ra8 Rf4+ 
36. Ke3 h5 37. g3 Rb4 38. Kf3 Kg7 39. g4 Rf4+ 40. Kg3 h4+ 
41. Kg2 Rd4 42. Rb8 Rd6 43. Ra8 Kf6 44. Rg8 e5 45. Re8 Re6 
46. Ra8 e4 47. Ra5 e3 48. fxe3 Rxe3 49. Rf5+ Kg6 50. Ra5 Re2+ 
51. Kg1 Rd2 52. Ra6+ Kg7 53. Ra5 Kg6 54. Ra6+ f6 55. Ra7 Rd6 
56. Kg2 Re6 57. Rb7 f5 58. gxf5+ Kxf5 59. Kf3 Ra6 60. Rb5+ Kg6 
61. Kg2 Ra2+ 62. Kg1 Ra3 63. Kg2 Rg3+ 64. Kh2 Rf3 65. Kg2 Rf6 
66. Ra5 Re6 67. Kf3 Rd6 68. Kg2 Rd2+ 69. Kg1 Re2 70. Rb5 Kf6 
71. Ra5 Re5 72. Ra8 Rd5 73. Rf8+ Ke5 74. Kg2 Rd2+ 75. Kg1 Ke4 
76. Rf7 Rd3 77. Kg2 Rg3+ 78. Kh2 Rf3 79. Re7+ Kf4 80. Rf7+ Ke3 
81. Re7+ Kf2 82. Re5 Rg3 83. Rf5+ Ke3 1/2-1/2

[Event "Sonflow Cup Kolding M1 2024"]
[Site "Kolding"]
[Date "2024.04.14"]
[Round "5.5"]
[Board "5"]
[White "Hector, Jonny"]
[Black "Stefansson, Vignir Vatnar"]
[Result "0-1"]
[WhiteElo "2425"]
[BlackElo "2459"]
[PlyCount "114"]
[EventDate "2024-04-12"]
[EventType "swiss"]
[EventRounds "5"]
[EventCountry "DEN"]
[SourceTitle "Live v. Kasper Jerwiarz"]
[Table "5"]

1. e4 Nf6 2. e5 Nd5 3. d4 d6 4. c4 Nb6 5. f4 dxe5 
6. fxe5 Bf5 7. Nc3 e6 8. Nf3 Bb4 9. Be2 c5 10. a3 Bxc3+ 
11. bxc3 Nc6 12. Be3 Na5 13. Nd2 Rc8 14. Rc1 Qe7 15. O-O cxd4 
16. cxd4 Qxa3 17. Bf2 Qb4 18. c5 Nd5 19. Nc4 Nxc4 20. Rxc4 Qa3 
21. Qa1 Qxa1 22. Rxa1 a6 23. c6 bxc6 24. Rxa6 Kd7 25. Be1 Be4 
26. Ba5 Ra8 27. Rcxc6 Rxa6 28. Rxa6 Rb8 29. Ra7+ Ke8 30. Kf2 Rb2 
31. Ke1 Nf4 32. Bf3 Bxf3 33. gxf3 Ng2+ 34. Kd1 Ne3+ 35. Kc1 Rc2+ 
36. Kb1 Rxh2 37. Ra8+ Kd7 38. Ra7+ Kc6 39. Rxf7 h5 40. Rxg7 h4 
41. Rh7 h3 42. Bd8 Kb5 43. Bg5 Nd5 44. f4 Nc3+ 45. Kc1 Kc4 
46. f5 Kd3 47. Bd2 Rh1+ 48. Kb2 Rb1+ 49. Ka3 Kxd2 50. Rxh3 Kc2 
51. Rh2+ Kd3 52. d5 exf5 53. d6 Kc4 54. Rh4+ Kd5 55. Rh8 Rb7 
56. Re8 Nb5+ 57. Ka2 Nxd6 0-1

[Event "Sonflow Cup Kolding M1 2024"]
[Site "Kolding"]
[Date "2024.04.14"]
[Round "5.6"]
[Board "6"]
[White "Vinther Schou, Uffe"]
[Black "Heimisson, Hilmir Freyr"]
[Result "0-1"]
[WhiteElo "2345"]
[BlackElo "2361"]
[PlyCount "250"]
[EventDate "2024-04-12"]
[EventType "swiss"]
[EventRounds "5"]
[EventCountry "DEN"]
[SourceTitle "Live v. Kasper Jerwiarz"]
[Table "6"]

1. e4 e5 2. Nf3 Nc6 3. Bb5 a6 4. Ba4 Nf6 5. O-O Nxe4 
6. Re1 Nc5 7. Bxc6 dxc6 8. d4 Ne6 9. dxe5 Qxd1 10. Rxd1 Bd7 
11. Be3 Be7 12. Nc3 O-O-O 13. Ne4 h6 14. c4 Rhe8 15. h3 b6 
16. Nh2 c5 17. Nc3 Bc6 18. Nd5 Bf8 19. Nf3 Rd7 20. Rd2 Kb7 
21. Rad1 a5 22. Kh2 Red8 23. g4 Ba4 24. b3 Bc6 25. a4 Re8 
26. Kg3 Kb8 27. Rd3 Bb7 28. Nh4 Nd4 29. Bxd4 cxd4 30. Rxd4 Bc5 
31. R4d2 Rxe5 32. Nf5 f6 33. Nc3 Rxd2 34. Rxd2 g6 35. Rd8+ Bc8 
36. Nxh6 Re1 37. Kg2 Kb7 38. Ng8 f5 39. g5 Rc1 40. Rd3 Rc2 
41. Rf3 c6 42. Nf6 Bd4 43. Nd1 Rd2 44. Ne3 Rb2 45. Nf1 Be6 
46. h4 b5 47. h5 gxh5 48. Ng3 bxc4 49. bxc4 Bxc4 50. Rf4 c5 
51. Nxf5 Be6 52. Nxd4 cxd4 53. Rxd4 Rb4 54. Rd6 Ba2 55. g6 Rxa4 
56. Kf3 Rc4 57. Rd2 Rc6 58. Nxh5 Bc4 59. Nf4 a4 60. g7 a3 
61. Nd5 Rg6 62. Nc3 Rxg7 63. Rd4 Rc7 64. Ke3 a2 65. Nxa2 Bxa2 
66. f4 Kc6 67. Ke4 Kc5 68. Rd1 Bb3 69. Rc1+ Bc4 70. Rd1 Re7+ 
71. Kf5 Re3 72. Rd8 Bd5 73. Rc8+ Kd4 74. Rd8 Re7 75. Kf6 Rf7+ 
76. Kg5 Rg7+ 77. Kf6 Rg1 78. f5 Ke4 79. Rb8 Rc1 80. Rb4+ Bc4 
81. Kg6 Ke5 82. Ra4 Rg1+ 83. Kh6 Kf6 84. Kh5 Bf7+ 85. Kh4 Kxf5 
86. Ra5+ Kf6 87. Ra6+ Be6 88. Ra8 Ke5 89. Ra5+ Bd5 90. Rb5 Kf4 
91. Kh5 Be4 92. Kh6 Rg6+ 93. Kh5 Rg7 94. Rb6 Rh7+ 95. Rh6 Rc7 
96. Ra6 Bc2 97. Rb6 Rc5+ 98. Kh6 Rc7 99. Kh5 Ra7 100. Rb4+ Be4 
101. Rb6 Ra1 102. Kh6 Rg1 103. Ra6 Bd3 104. Rf6+ Bf5 105. Ra6 Rh1+ 
106. Kg7 Rh7+ 107. Kg8 Rc7 108. Kf8 Ke5 109. Rh6 Be6 110. Rh1 Rc8+ 
111. Ke7 Rc7+ 112. Kd8 Ra7 113. Ke8 Kd6 114. Kf8 Rf7+ 115. Ke8 Rg7 
116. Rd1+ Bd5 117. Rf1 Rg3 118. Rf6+ Be6 119. Rf1 Rg7 120. Rd1+ Ke5 
121. Re1+ Kf6 122. Rf1+ Bf5 123. Kd8 Rd7+ 124. Ke8 Rd2 125. Rf3 Rc2 
0-1